Käsesorten und ihre Herkunftsländer - Statistiken

Allgemein
  • Dieses Quiz wurde 1.834 mal gespielt
  • Das Durchschnittsergebnis liegt bei 11 aus 18
Antwortstatistiken
Hint Antwort % Korrekt
Camembert Frankreich
91%
Feta Griechenland
88%
Harzer Roller Deutschland
87%
Pecorino Italien
86%
Brie Frankreich
82%
Roquefort Frankreich
74%
Appenzeller Schweiz
74%
Cheddar Großbritannien
69%
Gorgonzola Italien
69%
Gouda Niederlande
68%
Panir Indien
59%
Manchego Spanien
51%
Edamer Niederlande
47%
Emmentaler Schweiz
44%
Esrom Dänemark
36%
Halloumi Zypern
32%
Jarlsberg Norwegen
27%
Munster Frankreich
7%
Keine übereinstimmenden Quizze gefunden
Verteilung der Resultate
Anzahl Personen mit jedem Resultat
Perzentil nach korrekt beantworteten Fragen
Ihre Resultats-Entwicklung
Sie haben dieses Quiz noch nicht gespielt